Catálogo de la Biblioteca Horacio González - Universidad Nacional de General Sarmiento

En carrera : (Registro nro. 50964)

Detalles MARC
000 -CABECERA
campo de control de longitud fija 02100nam a22003490a 4500
001 - NÚMERO DE CONTROL
campo de control PT44382
003 - IDENTIFICADOR DEL NÚMERO DE CONTROL
campo de control AR-LpoUNG
005 - FECHA Y HORA DE LA ÚLTIMA TRANSACCIÓN
campo de control 20250220103603.0
008 - DATOS DE LONGITUD FIJA--INFORMACIÓN GENERAL
campo de control de longitud fija 201001s2012||||ag |||||||||||||||||spa d
020 ## - NÚMERO INTERNACIONAL ESTÁNDAR DEL LIBRO
Número Internacional Estándar del Libro 9789876301190
Condiciones de disponibilidad $18
040 ## - FUENTE DE LA CATALOGACIÓN
Centro catalogador/agencia de origen AR-LpoUNG
Lengua de catalogación spa
Normas de descripción aacr
041 0# - CÓDIGO DE LENGUA
Código de lengua del texto/banda sonora o título independiente spa
044 ## - CÓDIGO DEL PAÍS DE LA ENTIDAD EDITORA/PRODUCTORA
Código MARC del país ag
082 0# - NÚMERO DE LA CLASIFICACIÓN DECIMAL DEWEY
Número de clasificación 407 271car
100 1# - ENTRADA PRINCIPAL--NOMBRE DE PERSONA
Nombre de persona Natale, Lucía
Término indicativo de función/relación coor.
245 10 - MENCIÓN DE TÍTULO
Título En carrera :
Resto del título escritura y lectura de textos académicos y profesionales
250 ## - MENCIÓN DE EDICIÓN
Mención de edición 1ra. ed.
260 ## - PUBLICACIÓN, DISTRIBUCIÓN, ETC.
Lugar de publicación, distribución, etc. Buenos Aires :
Nombre del editor, distribuidor, etc. Universidad Nacional de General Sarmiento,
Fecha de publicación, distribución, etc. 2012.
300 ## - DESCRIPCIÓN FÍSICA
Extensión 207 p. :
Otras características físicas il., tbls., gráfs.
490 0# - MENCIÓN DE SERIE
Mención de serie Textos básicos
520 ## - SUMARIO, ETC.
Sumario, etc. Este libro ofrece valiosas herramientas para quienes deben producir textos propios de la trayectoria universitaria. Asimismo, los profesores preocupados por enseñar a escribir encontrarán orientaciones y materiales de apoyo. También los profesionales que deben elaborar escritos para su vida laboral hallarán explicaciones útiles. Los géneros abordados son la reseña, el ensayo, el estudio de caso, la evaluación de producto en ingeniería, el manual de procedimientos y el proyecto de intervención social. Además, se ofrecen guías para mejorar la comprensión de textos complejos y explicaciones sobre normativa. Cada capítulo es obra de un equipo interdisciplinario: un especialista en un área de conocimiento y un experto en escritura, que trabajan desde una perspectiva que conjuga lo social, lo disciplinar y lo formal. Se tratan los contextos sociales en los que los textos circulan, la organización de los escritos y las partes que los componen. También se ofrecen guías de reflexión sobre los géneros y pautas concretas para idear, redactar y revisar las producciones propias y ajenas.
650 #4 - PUNTO DE ACCESO ADICIONAL DE MATERIA--TÉRMINO DE MATERIA
Término de materia o nombre geográfico como elemento de entrada ENSEÑANZA SUPERIOR
650 #4 - PUNTO DE ACCESO ADICIONAL DE MATERIA--TÉRMINO DE MATERIA
Término de materia o nombre geográfico como elemento de entrada ESCRITURA
650 #4 - PUNTO DE ACCESO ADICIONAL DE MATERIA--TÉRMINO DE MATERIA
Término de materia o nombre geográfico como elemento de entrada LECTURA
650 #4 - PUNTO DE ACCESO ADICIONAL DE MATERIA--TÉRMINO DE MATERIA
Término de materia o nombre geográfico como elemento de entrada LENGUAJE
653 #0 - TÉRMINO DE INDIZACIÓN--NO CONTROLADO
Término no controlado CITAS BIBLIOGRAFICAS
653 #0 - TÉRMINO DE INDIZACIÓN--NO CONTROLADO
Término no controlado ENSAYO ACADEMICO
653 #0 - TÉRMINO DE INDIZACIÓN--NO CONTROLADO
Término no controlado RESEÑA ACADEMICA
856 40 - LOCALIZACIÓN Y ACCESO ELECTRÓNICOS
Identificador Uniforme del Recurso <a href="http://repositorio.ungs.edu.ar/handle/UNGS/109">http://repositorio.ungs.edu.ar/handle/UNGS/109</a>
Texto de enlace Texto completo
905 ## - ELEMENTOS DE DATOS E LOCAL, LDE (RLIN)
a 44382
942 ## - ELEMENTOS DE PUNTO DE ACCESO ADICIONAL (KOHA)
Tipo de ítem Koha Libro
Fuente del sistema de clasificación o colocación Dewey Decimal Classification
Existencias
Estado de retiro Estado de pérdida Fuente del sistema de clasificación o colocación Estado dañado No para préstamo Código de colección Localización permanente Ubicación/localización actual Fecha de adquisición Total de préstamos Signatura topográfica completa Código de barras Fecha visto por última vez Precio válido a partir de Tipo de ítem Koha En préstamo Fecha del último préstamo Renovaciones totales
Retirado   Dewey Decimal Classification   No es para préstamo Colección Ediciones UNGS Biblioteca Universidad Nacional de General Sarmiento Biblioteca Universidad Nacional de General Sarmiento 01/02/2021   407 271car CUNGS682 01/02/2021 01/02/2021 Libro      
          Colección Ediciones UNGS Biblioteca Universidad Nacional de General Sarmiento Biblioteca Universidad Nacional de General Sarmiento 01/02/2021   407 271car CUNGS975 01/02/2021 01/02/2021 Libro      
          Colección General Biblioteca Universidad Nacional de General Sarmiento Biblioteca Universidad Nacional de General Sarmiento 01/02/2021 1 407 271car 00052510 04/01/2024 01/02/2021 Libro 05/11/2018 04/01/2024  
          Colección General Biblioteca Universidad Nacional de General Sarmiento Biblioteca Universidad Nacional de General Sarmiento 01/02/2021 1 407 271car 00052511 06/06/2024 01/02/2021 Libro 13/06/2024 06/06/2024  
          Colección General Biblioteca Universidad Nacional de General Sarmiento Biblioteca Universidad Nacional de General Sarmiento 01/02/2021 6 407 271car 00052512 13/06/2025 01/02/2021 Libro   09/06/2025 2
          Colección General Biblioteca Universidad Nacional de General Sarmiento Biblioteca Universidad Nacional de General Sarmiento 01/02/2021 6 407 271car 00052513 02/10/2025 01/02/2021 Libro   01/10/2025  
          Colección General Biblioteca Universidad Nacional de General Sarmiento Biblioteca Universidad Nacional de General Sarmiento 01/02/2021 2 407 271car 00052514 06/12/2024 01/02/2021 Libro   25/11/2024 1
          Colección General Biblioteca Universidad Nacional de General Sarmiento Biblioteca Universidad Nacional de General Sarmiento 01/02/2021 4 407 271car 00052515 17/02/2025 01/02/2021 Libro   27/12/2024 1
          Colección General Biblioteca Universidad Nacional de General Sarmiento Biblioteca Universidad Nacional de General Sarmiento 01/02/2021 1 407 271car 00052516 22/08/2024 01/02/2021 Libro   15/08/2024  
          Colección General Biblioteca Universidad Nacional de General Sarmiento Biblioteca Universidad Nacional de General Sarmiento 01/02/2021 1 407 271car 00052517 14/11/2025 01/02/2021 Libro   10/12/2024  
    Dewey Decimal Classification     Colección General Biblioteca Universidad Nacional de General Sarmiento Biblioteca Universidad Nacional de General Sarmiento 19/03/2023   407 271car S00068164 19/03/2023 19/03/2023 Lectura en Sala